Retrouve les vainqueurs du Tour de france - Statistiques

Statistiques générales
  • Ce quiz a été pris 51 fois
  • Le résultat moyen est 10 sur 15
Answers on the Grid
Answers color-coded by a green-red scale on the quiz's grid according to % correct below.
Tadej Pogacar
Richard Virenque
Laurent Jalabert
Jonas Vingegaard
Egan Bernal
Jacques Anquetil
Raymond Poulidor
Fabio Aru
Sergio Henao
Alexandre Vinokourov
Geraint Thomas
Eddy Mercks
Fausto Coppi
Richard Carapaz
Romain Bardet
Thibaut Pinot
Gino Bartali
Romain Maes
Fritz Shaer
Vincenzo Nibali
Christopher Froome
Jose Manuel Fuente
Fabio Parra
Alberto Contador
Nairo Quintana
Alejandro Valverde
Cadel Evans
Andy Schleck
Urs Zimmermann
Carlos Sastre
 
Statistiques - réponses
Réponse % Correct
Tadej Pogacar
98%
Jonas Vingegaard
86%
Egan Bernal
77%
Eddy Mercks
73%
Geraint Thomas
73%
Christopher Froome
70%
Alberto Contador
66%
Jacques Anquetil
66%
Vincenzo Nibali
66%
Cadel Evans
61%
Andy Schleck
55%
Fausto Coppi
55%
Gino Bartali
52%
Carlos Sastre
50%
Romain Maes
39%
Aucun quiz correspondant
Distribution des résultats
% des personnes avec chaque résultat
Percentile par nombre de réponses
Votre historique - résultats
Vous n’avez pas pris ce quiz